Sports Quiz

Random Sports Quiz

Forbes 50 Most Valuable Sports Teams (2016) Quiz Stats

 Plays Quiz not verified by Sporcle

Challenge
Share
Tweet
Embed
Score 0/50 Timer 08:00
0 Plays Today
Sport Team % Correct
BasketballLos Angeles Lakers
98.1%
BaseballNew York Yankees
96.8%
FootballManchester United
95.5%
American footballNew England Patriots
92.9%
American footballDallas Cowboys
91%
FootballBarcelona
90.3%
American footballNew York Giants
90.3%
FootballReal Madrid
89.7%
BaseballSan Francisco Giants
89%
BaseballBoston Red Sox
87.7%
BasketballChicago Bulls
87.7%
American footballMiami Dolphins
87.7%
BasketballNew York Knicks
87.1%
American footballNew York Jets
87.1%
American footballPittsburgh Steelers
85.8%
American footballSan Francisco 49ers
85.2%
American footballChicago Bears
85.2%
American footballPhiladelphia Eagles
85.2%
BasketballBoston Celtics
85.2%
BasketballLos Angeles Clippers
84.5%
FootballManchester City
84.5%
BaseballChicago Cubs
83.9%
American footballDenver Broncos
83.9%
American footballWashington Redskins
83.2%
American footballGreen Bay Packers
83.2%
Sport Team % Correct
American footballSeattle Seahawks
82.6%
American footballAtlanta Falcons
81.9%
American footballMinnesota Vikings
81.9%
BaseballLos Angeles Dodgers
81.3%
American footballHouston Texans
81.3%
BasketballGolden State Warriors
80.6%
BaseballSt. Louis Cardinals
80%
American footballArizona Cardinals
80%
FootballChelsea
78.7%
American footballNew Orleans Saints
78.7%
American footballBaltimore Ravens
77.4%
American footballCarolina Panthers
77.4%
American footballCleveland Browns
76.8%
American footballIndianapolis Colts
76.1%
BaseballNew York Mets
76.1%
American footballSan Diego Chargers
75.5%
American footballJacksonville Jaguars
75.5%
FootballBayern Munich
74.8%
American footballTampa Bay Buccaneers
74.8%
American footballTennessee Titans
74.2%
FootballLiverpool
71%
American footballKansas City Chiefs
71%
BasketballBrooklyn Nets
69.7%
FootballArsenal
69%
BasketballHouston Rockets
68.4%

You're not logged in!

Compare scores with friends on all Sporcle quizzes.
OR
Log In

You Might Also Like...

Show Comments

Extras

Created Jul 22, 2016ReportNominate
Tags:2016, 50 Most, billion, force, team, valuable

Top Quizzes Today


Score Distribution

Your Account Isn't Verified!

In order to create a playlist on Sporcle, you need to verify the email address you used during registration. Go to your Sporcle Settings to finish the process.

Report this User

Report this user for behavior that violates our Community Guidelines.

Details: